|
|
|
|
| LEADER |
00000cam a2200000 7i4500 |
| 001 |
0000002314 |
| 005 |
20151222.0 |
| 008 |
070711 |
| 020 |
|
|
|a 9833730078
|
| 090 |
0 |
0 |
|a JF
|b AD MAL (2596)
|
| 100 |
0 |
|
|a Muhammad Firdaus
|
| 245 |
1 |
0 |
|a Amal kebajikan
|c Muhammad Firdaus
|
| 260 |
|
|
|a Pulau Pinang :
|b Goal Intelligent Publishing ,
|c 2006
|
| 440 |
|
0 |
|a Koleksi cerita sejarah moral islam
|
| 500 |
|
|
|a Children ages 7-9 years old (orange)
|
| 650 |
|
0 |
|a Adventure
|
| 650 |
|
0 |
|a Children's stories, Malay
|
| 650 |
|
0 |
|a Malay fiction
|
| 710 |
0 |
|
|a Title
|
| 999 |
|
|
|a 0000968843
|b Book
|c Children Collection
|e Perbadanan Perpustakaan Awam Johor
|
| 999 |
|
|
|a 0000968844
|b Book
|c Children Collection
|e Cawangan Batu Pahat
|
| 999 |
|
|
|a 0000968845
|b Book
|c Children Collection
|e Perbadanan Perpustakaan Awam Johor
|
| 999 |
|
|
|a 0000968846
|b Book
|c Children Collection
|e Cawangan Muar
|
| 999 |
|
|
|a 0000968847
|b Book
|c Children Collection
|e Cawangan Mersing
|
| 999 |
|
|
|a 0001078874
|b Book
|c Children Collection
|e Cawangan Mersing
|